Metafísica /

Uloženo v:
Podrobná bibliografie
Hlavní autor: Aristóteles (autor)
Další autoři: Larroyo, Francisco (introducción y revisión) (introducción y revisión)
Médium: Kniha
Jazyk:španělština
Vydáno: México : Porrúa, 1998, c1998
Vydání:13a edición
Edice:(Sepan Cuántos ; 120)
Témata:
Tagy: Přidat tag
Žádné tagy, Buďte první, kdo vytvoří štítek k tomuto záznamu!

MARC

LEADER 00000nam^a2200000^a^4500
001 000104283
005 20250521000000.0
009 20260526122200.756
020 |a 968-432-323-9 
037 |a Acervo ITESO - Biblioteca 
041 |a ESP 
082 |a 082.  |b POR V. 120 
100 |a Aristóteles  |e (autor) 
240 1 1 |a [Metafísica] 
245 1 0 |a Metafísica /  |c Aristóteles ; introd. y rev. de F. Larroyo 
250 |a 13a edición 
264 4 |a México :  |b Porrúa,  |c 1998, c1998 
300 |a LXII, 258 p. 
336 |a texto  |b txt  |2 rdacontenido 
337 |a sin mediación  |b n  |2 rdamedio 
338 |a volumen  |b nc  |2 rdasoporte 
440 1 |a (Sepan Cuántos ;  |v 120) 
649 |a XX 
650 |a Metafísica -  |x Tema Principal 
650 |a Escuela Aristotélica (Liceo) 
650 |a Socráticos 
650 |a Filosofía Griega 
650 |a Filosofía Clásica 
700 |a Larroyo, Francisco  |e (introducción y revisión) 
910 |a Fondo General 
920 |a Impresos - Libros 
930 |a Colección General 
940 |a Literatura 
905 |a 101 
901 |a 0500040085  |b IT1  |c LIT  |u 20250521 
902 |a https://opac.biblio.iteso.mx/vufind/Record/000104283